000 00484nam a2200181Ia 4500
005 20250508152449.0
008 008 250505s9999 xx 000 0 eng d
037 _aTextual
040 _aFEDL
_beng
_cFEDL
041 _aeng
_2eng
084 _aB, NEH
_qFEDL
100 _aBrecher Michael
245 0 _aNehru : A political biography
260 _aLondon, UK
_bOxford University Press
_c1959
300 _a682p.
942 _cTEXL
_hB, NEH
999 _c1336584
_d1336584